<?xml version="1.0" encoding="UTF-8"?>
<record
    xmlns:xsi="http://www.w3.org/2001/XMLSchema-instance"
    xsi:schemaLocation="http://www.loc.gov/MARC21/slim http://www.loc.gov/standards/marcxml/schema/MARC21slim.xsd"
    xmlns="http://www.loc.gov/MARC21/slim">

  <leader>01918nam a2200301uu 4500</leader>
  <controlfield tag="001">1526415</controlfield>
  <controlfield tag="005">20260508093312.0</controlfield>
  <controlfield tag="007">co|||||||</controlfield>
  <controlfield tag="008">190529s2019                        spa  </controlfield>
  <datafield tag="035" ind1=" " ind2=" ">
    <subfield code="a">1526415</subfield>
  </datafield>
  <datafield tag="040" ind1=" " ind2=" ">
    <subfield code="c">comduadb</subfield>
  </datafield>
  <datafield tag="041" ind1=" " ind2=" ">
    <subfield code="a">spa</subfield>
  </datafield>
  <datafield tag="080" ind1=" " ind2=" ">
    <subfield code="a">P</subfield>
  </datafield>
  <datafield tag="100" ind1="1" ind2="0">
    <subfield code="a">Porras Diez, Catalina</subfield>
    <subfield code="4">aut</subfield>
    <subfield code="e">aut</subfield>
    <subfield code="9">784213</subfield>
  </datafield>
  <datafield tag="245" ind1="1" ind2="0">
    <subfield code="a">transformaci&#xF3;n del discurso institucional para incentivar la participaci&#xF3;n juvenil : el caso del proyecto Viga House del municipio de Envigado (2016-2017)</subfield>
  </datafield>
  <datafield tag="260" ind1=" " ind2=" ">
    <subfield code="c">2019.</subfield>
  </datafield>
  <datafield tag="300" ind1=" " ind2=" ">
    <subfield code="a">1 CD ROM</subfield>
  </datafield>
  <datafield tag="520" ind1="3" ind2=" ">
    <subfield code="a">En esta monograf&#xED;a se analiz&#xF3; &#xBF;C&#xF3;mo se transform&#xF3; el discurso institucional para incentivar la participaci&#xF3;n juvenil, mediante el proyecto Viga House del Municipio de Envigado (Antioquia) entre los a&#xF1;os 2016 y 2017?, para esto, se describen las formas en que se incentiv&#xF3; la participaci&#xF3;n juvenil en el Municipio de Envigado, y se estudiaron los cambios ocurridos en el discurso institucional mediante tres presupuestos discursivos propios del an&#xE1;lisis cr&#xED;tico del discurso (ACD) de Teun Van Dijk: 1) el lenguaje;  2)  los canales y medios de difusi&#xF3;n; y, 3) los legitimadores. Y se desarroll&#xF3; bajo el enfoque metodol&#xF3;gico de investigaci&#xF3;n de tipo cualitativo de nivel descriptivo. Las t&#xE9;cnicas de recolecci&#xF3;n de la informaci&#xF3;n que se utilizaron fueron: la revisi&#xF3;n documental (Fichas anal&#xED;ticas, fichas de contenido) y entrevista semiestructurada. T&#xE9;cnicas aplicadas con sus respectivos instrumentos. </subfield>
  </datafield>
  <datafield tag="650" ind1=" " ind2=" ">
    <subfield code="a">An&#xE1;lisis del discurso - Aspectos sociales</subfield>
    <subfield code="9">166759</subfield>
  </datafield>
  <datafield tag="650" ind1=" " ind2=" ">
    <subfield code="a">An&#xE1;lisis del discurso - Aspectos pol&#xED;ticos</subfield>
    <subfield code="9">225988</subfield>
  </datafield>
  <datafield tag="650" ind1=" " ind2="7">
    <subfield code="a">Participaci&#xF3;n juvenil</subfield>
    <subfield code="2">lemb</subfield>
    <subfield code="9">7461</subfield>
  </datafield>
  <datafield tag="650" ind1=" " ind2=" ">
    <subfield code="a">Discurso institucional</subfield>
    <subfield code="9">203828</subfield>
  </datafield>
  <datafield tag="700" ind1="1" ind2="0">
    <subfield code="a">Gordillo Vera, Iv&#xE1;n Adolfo</subfield>
    <subfield code="4">ths</subfield>
    <subfield code="e">ths</subfield>
    <subfield code="9">730938</subfield>
  </datafield>
  <datafield tag="856" ind1="4" ind2=" ">
    <subfield code="u">http://bibliotecadigital.udea.edu.co/handle/10495/13048</subfield>
  </datafield>
  <datafield tag="942" ind1=" " ind2=" ">
    <subfield code="c">TESIS</subfield>
  </datafield>
  <datafield tag="999" ind1=" " ind2=" ">
    <subfield code="c">794290</subfield>
    <subfield code="d">794290</subfield>
  </datafield>
  <datafield tag="502" ind1=" " ind2=" ">
    <subfield code="b">132</subfield>
    <subfield code="c">14</subfield>
  </datafield>
  <datafield tag="526" ind1=" " ind2=" ">
    <subfield code="a">134</subfield>
  </datafield>
  <datafield tag="952" ind1=" " ind2=" ">
    <subfield code="0">0</subfield>
    <subfield code="1">0</subfield>
    <subfield code="4">0</subfield>
    <subfield code="7">0</subfield>
    <subfield code="8">TESIS</subfield>
    <subfield code="a">IEP</subfield>
    <subfield code="b">IEP</subfield>
    <subfield code="d">2019-05-29</subfield>
    <subfield code="e">Material adquirido por donaci&#xF3;n</subfield>
    <subfield code="i">C1314733</subfield>
    <subfield code="l">0</subfield>
    <subfield code="o">P03248 CD-ROM</subfield>
    <subfield code="p">0962857</subfield>
    <subfield code="r">2023-05-04 00:00:00</subfield>
    <subfield code="t">1</subfield>
    <subfield code="w">2023-05-04</subfield>
    <subfield code="y">DIGITAL</subfield>
  </datafield>
</record>
